000 01044nam a22002297a 4500
003 SEM
999 _c64378
_d64378
005 20220608073152.0
008 160414s2015 ai ||||gr|||||||||||arm|d
020 _a9789939517865
040 _cSEM
_aSEM
041 0 _aarm
080 _a891.981-3/Պ-51
100 1 _aՊէրթիզլեան Ղազարեան Մարիանա
_d1949-
_q(Պերթիզլյան Ղազարյան Մարիանա)
245 1 0 _aԲողբոջող անմոռուկներ:
_bՍահմաններուն վրայ բողբոջող անմոռուկներուն զրոյցներէն /
_c Պէրթիզլեան Ղազարյան Մ. ; Խմբ.՝ Նիկողոսեան Ա.
260 _aԵրևան:
_bԱնտարես,
_c2015.
300 _a207 էջ ;
_c13 սմ.
500 _aԿը նուիրուի Հայոց ցեղասպանութեան հարիւրամեակին
650 1 4 _aՀայ գրականություն
650 1 4 _aԳեղարվեստական գրականություն
700 1 _aՆիկողոսեան Արքմենիկ
_e խմբ.
_4 edt.
942 _2udc
_cBK